00412nam a2200169Ia 4500008004100000020001800041050001400059100001600073245003700089245001500126260001500141260001700156260000900173300001400182300002500196440002100221180207s9999 xx 000 0 und d a9780717285884 bB534 2005 aBerry, Joy. 2aA book about being a bad sport / cJoy Berry. aNew York : bScholastic,  c2005 aunpaged : bcolor illustration ; aHelp me be good!